Регионална библиотека "Любен Каравелов" - Русе

С черен хляб (Запис номер 38922)

MARC детайли
000 -Лидер
Контролно поле с фиксирана дължина nam a22 a 4500
003 - Код на организацията, давaща контролен номер
Контролно поле BLK
005 - Дата и час на последна редакция
Контролно поле 20211216095000.0
008 - Елементи от данни с фиксирана дължина
fixed length control field 180408b bul|||||r ||||||| ||bul||
010 ## - Наследен системен номер
LC control number KNG00042193000
040 ## - Източник на каталожния запис
Идентификатор на билиотеката - собственик на записа BLK
041 ## - Код за език
Код за езика на текст/звукозапис или на отделно заглавие Български
Код за езика КДБФ Български
080 ## - УДК
Текстов определител УДК Френска литература
УДК код - определител по УДК 821.133.1
УДК определител -31
УДК - код + определител 821.133.1-31
100 1# - Редна дума - Автор
Автор Гамара, Пиер
Авторска отговорност първи автор
R(LIN) 50846
139 ## - Редно поле
Редна дума Гамара, Пиер
Авторски знак Гал - Г 18
245 10 - Сведения за заглавието
Заглавие С черен хляб
Подзаглавни данни Роман
Редно поле (дума) Пиер Гамара; прев. от фр. Стефан Хантов; худож. Иван Кожухаров.
257 ## - Страна на издаване
Страна на създаване/издаване Франция
260 ## - Област на издателските данни
Име на издателя, разпространителя и проч. Нар. младеж
Година на издаване 1961
Печатница София : Д. Благоев
Място на издаване, разпространение и проч. София
300 ## - Физическа характеристика
Страници 152 с.
Размери/Мащаб 21 см
380 ## - Жанр
Жанр Худож. лит.
500 ## - Общи забележки
Забележка 10 000 тир.
700 1# - Други автори (авторска отговорност)
Лично име Хантов, Стефан
Автороска отговорност (Описва отношението между автора и произведението) прев. от фр.
9 (RLIN) 136109
700 1# - Други автори (авторска отговорност)
Лично име Кожухаров, Иван
Автороска отговорност (Описва отношението между автора и произведението) худож.
9 (RLIN) 367484
852 ## - Местоположение
Форматна сигнатура Цб 19073
856 4# - Електронен адрес и достъп
Електронен формат pdf - файл
856 4# - Електронен адрес и достъп
Електронен формат pdf - файл
999 ## - СИСТЕМНИ КОНТРОЛНИ НОМЕРА
Koha biblionumber 38922
Koha biblioitemnumber 38922
942 ## - АРТИКУЛИ
Вид на библиотечния материал Книги
Скрит в OPAC Не
Периодичен библиозапис Да
944 ## - СЪЗДАВАНЕ И РЕДАКЦИЯ на ЗАПИСА
Създаване/Редакция Създаване
Дата на регистрацията/редакция 25.04.2014
Статус, дата на статуса ф /
Служител, извършил регистрацията/редакцията Симона_Петрова
944 ## - СЪЗДАВАНЕ И РЕДАКЦИЯ на ЗАПИСА
Създаване/Редакция Редакция
Дата на регистрацията/редакция 25.04.2014
Статус, дата на статуса ф /
944 ## - СЪЗДАВАНЕ И РЕДАКЦИЯ на ЗАПИСА
Създаване/Редакция Редакция
Дата на регистрацията/редакция 2021-12-16
Статус, дата на статуса 2021-12-16
Служител, извършил регистрацията/редакцията ВК
999 ## - СИСТЕМНИ КОНТРОЛНИ НОМЕРА
Koha biblioitemnumber 38922
Наличности
Код за отписване Код за изгубен артикул Източник на класификационната схема Код за повреда Коз за рестрикции Код за отдаване Артикулен № Име на библиотеката - собственик Име на библиотеката, в която се намира в момента Статус (Текущо местоположение) Дата на вписване в системата Местоположение - отдел Цена в лева Инвентарен номер Систематично азбучна сигнатура Баркод Номер на екземпляра Цена в евро Служебна бележка Служебен тип на артикула Бележка за публиката
  Не е изгубен Universal Decimal Classification Не е повреден без рестрикции ползва се в читалня 60937 Регионална библиотека "Любен Каравелов" Русе Регионална библиотека "Любен Каравелов" Русе Хранилище 1961-01-01 Хранилище 0.54 4737/61 Цб 19073 900000086691 1 0.28 Дост: Dp Вид: Д N: стар фонд Дата: 01.01.1961 Книги  
Изтеглен Не е изгубен Universal Decimal Classification Не е повреден без рестрикции заемане за дома 60938 Регионална библиотека "Любен Каравелов" Русе Регионална библиотека "Любен Каравелов" Русе Заемна - подръчен фонд 1961-01-01 Заемна - подръчен фонд 0.00 5319/61 П 840-31/Г 18 5319/61 2 0.00 N: стар фонд Дата: 01.01.1961 Книги  
Изтеглен Не е изгубен   Не е повреден без рестрикции заемане за дома 60939 Регионална библиотека "Любен Каравелов" Русе Регионална библиотека "Любен Каравелов" Русе   1961-01-01 Детски отдел 0.53 5457/61 ДХ 820/899/Г 18 5457/61 3 0.27 N: стар фонд Дата: 01.01.1961 Дата инв: 08.09.2015 Бележки инв: Д2015 Книги Отч.N: 34/2017 , Дата: 05.09.2017
Vip Innovations Ltd, Rousse, Bulgaria 2025